Name All One Direction Songs - Statistics

General Stats
  • This quiz has been taken 151 times
  • The average score is 62 of 91
Answer Stats
Answer % Correct
What Makes You Beautiful
95%
Midnight Memories
88%
Up All Night
88%
Kiss You
87%
One Thing
87%
Night Changes
85%
Drag Me Down
84%
Story of My Life
84%
Steal My Girl
83%
A.M.
81%
Best Song Ever
81%
Diana
81%
Gotta Be You
81%
I Want
81%
Live While We're Young
80%
Rock Me
80%
No Control
79%
History
77%
Little Things
77%
Olivia
77%
18
76%
Little Black Dress
75%
More Than This
75%
I Wish
73%
I Would
73%
You & I
73%
Clouds
72%
Infinity
72%
Moments
72%
Perfect
72%
Taken
72%
They Don't Know About Us
72%
Wolves
72%
C'mon, C'mon
71%
Little White Lies
71%
Happily
69%
Hey Angel
69%
Love You Goodbye
69%
Stockholm Syndrome
69%
Act My Age
68%
Alive
68%
If I Could Fly
68%
Last First Kiss
68%
Magic
68%
Na Na Na
68%
Stole My Heart
68%
Strong
68%
Home
67%
Don't Forget Where You Belong
65%
Fireproof
65%
Over Again
65%
Right Now
65%
Tell Me A Lie
65%
Through the Dark
65%
Truly Madly Deeply
65%
Another World
64%
Does He Know
64%
Never Enough
64%
Summer Love
64%
Why Don't We Go There
64%
Change My Mind
63%
Heart Attack
63%
Where Do Broken Hearts Go
63%
Better Than Words
61%
Change Your Ticket
61%
End of the Day
61%
Everything About You
60%
Fool's Gold
60%
Half a Heart
60%
Irresistible
60%
I Should Have Kissed You
60%
I Want to Write You a Song
60%
Spaces
60%
Stand Up
60%
Ready to Run
59%
Temporary Fix
59%
Walking in the Wind
59%
Long Way Down
57%
Loved You First
57%
Same Mistakes
57%
She's Not Afraid
57%
Something Great
57%
Girl Almighty
56%
Nobody Compares
56%
Illusion
55%
Once in a Lifetime
55%
Save You Tonight
53%
What a Feeling
49%
Back For You
48%
Still The One
47%
One Way or Another(Teenage Kicks)
24%
No matching quizzes found
Score Distribution
Percent of People with Each Score
Percentile by Number Answered
Your Score History
You have not taken this quiz